Advanced aspects of milling machine operations, 120min [DVD] (Record no. 292743)

000 -LEADER
fixed length control field 00341 a2200133 4500
001 - CONTROL NUMBER
control field 57670
082 ## - DEWEY DECIMAL CLASSIFICATION NUMBER
Classification number 80304
090 ## - LOCALLY ASSIGNED LC-TYPE CALL NUMBER (OCLC); LOCAL CALL NUMBER (RLIN)
-- 35351
-- 35351
100 ## - MAIN ENTRY--PERSONAL NAME
Personal name Rudy kouhoupt
245 ## - TITLE STATEMENT
Title Advanced aspects of milling machine operations, 120min [DVD]
260 ## - PUBLICATION, DISTRIBUTION, ETC.
Name of publisher, distributor, etc. New Life Video Productions
Date of publication, distribution, etc. 2000
300 ## - PHYSICAL DESCRIPTION
Accompanying material 7 pages guide book
500 ## - GENERAL NOTE
General note CD/DVD
942 ## - ADDED ENTRY ELEMENTS (KOHA)
Institution code [OBSOLETE] NUST-CAE
Call number prefix 80304
Holdings
Withdrawn status Lost status Damaged status Not for loan Collection code Permanent Location Current Location Date acquired Total Checkouts Full call number Barcode Date last seen Price effective from Koha item type
          College of Aeronautical Engineering (CAE) College of Aeronautical Engineering (CAE) 04/03/2017   80304 CAE80304 04/05/2017 04/05/2017 Book
© 2023 Central Library, National University of Sciences and Technology. All Rights Reserved.